Statistics for Nfl top 20 passing yard leaders 2017 up to week 16.

Click here to take the quiz!

General Stats

  • This quiz has been taken 112 times
  • The average score is 14 of 20

Answer Stats

YardsAnswer% Correct
4387Tom Brady
98%
4089Drew Brees
87%
4042Alex Smith
76%
3336Eli Manning
76%
3778Matt Ryan
76%
4128Philip Rivers
76%
4251Ben Roethlisberger
73%
3762Russel Wilson
72%
3935Kirk Cousins
71%
3122Cam Newton
69%
3296Carson Wentz
69%
4123Matthew Stafford
68%
3145Dak Prescott
63%
3141Jameis Winston
63%
3804Jared Goff
63%
3098Andy Dalton
60%
3253Derek Carr
59%
3529Blake Bortles
54%
3098Marcus Mariota
48%
3358Case Keenum
47%

Score Distribution

Percentile by Number Answered

Percent of People with Each Score

Your Score History

You have not taken this quiz